Vedecká organizácia práce

Salvato in:
Dettagli Bibliografici
Autore principale: Stračár, Vladislav
Ente Autore: Vysoká škola ekonomická v Bratislave. Fakulta ekonomiky a riadenia výrobných odvetví
Altri autori: Porvazníková, Eva, Kachaňáková, Anna
Natura: Libro
Lingua:slovacco
Pubblicazione: Bratislava VŠE 1982
Tags: Aggiungi Tag
Nessun Tag, puoi essere il primo ad aggiungerne!!

MARC

LEADER 00000nam a2200000 4500
001 c136248
005 20221220100114.9
041 0 |a slo 
044 |a SK 
245 1 0 |a Vedecká organizácia práce  |c Vladislav Stračár, Eva Porvazníková, Anna Kachaňáková 
264 1 |a Bratislava  |b VŠE  |c 1982 
300 |a 313 s. 
100 1 |a Stračár, Vladislav 
700 1 |a Porvazníková, Eva 
700 1 |a Kachaňáková, Anna 
710 2 |a Vysoká škola ekonomická v Bratislave. Fakulta ekonomiky a riadenia výrobných odvetví